60 Separated Celebrities Quiz Stats

 Plays Quiz Updated Aug 19, 2014

Support Sporcle.
Go Orange.
Score 0/60 Timer 06:00
3 Plays Today
% Correct
Angelina
98.9%
Leonardo
98.1%
Oprah
97.7%
Lady
97.7%
Elton
97.2%
Snoop
96.9%
Paris
96.8%
Reese
96.8%
Tiger
96.4%
Bruno
96.4%
Orlando
96.2%
Dolly
96.1%
Halle
96.1%
Beyoncé
96%
Gwen
95.8%
Queen
95.6%
Channing
95%
Kurt
94.9%
Penelope
94.9%
Lance
94.8%
Selena
94.5%
Uma
94.4%
Dakota
94.4%
Simon
93.7%
Emma
93.6%
Nicki
93.5%
Eva
93.3%
Hilary
91.7%
Kobe
91.6%
Usain
91.6%
% Correct
Ryan
91.4%
Owen
91%
Zooey
90.5%
Boy
90.2%
Rod
89.9%
Kareem
89.8%
Lucy
89.6%
Daniel
89.3%
Goldie
88.5%
Demi
88.3%
Lil
87.9%
Mickey
87.7%
Iggy
87.5%
Cristiano
87.3%
Hugh
87%
Chaka
86.3%
Luciano
85.3%
Carrot
84.8%
Willie
84.8%
Sofia
84.5%
Flo
84.3%
Ray
83.4%
Christina
83.1%
Floyd
83.1%
Gisele
82.6%
Claudia
81.7%
Rush
79.8%
Vidal
78.4%
Sean
75%
Mia
73.9%

You're not logged in!

Compare scores with friends on all Sporcle quizzes.
OR
Log In

From the Vault

Geographically Closest European Countries: L

by Cutthroat

We forgot how maps work so we're just gonna take an L.
Remove Ads.
Support Sporcle.
Get the best of Sporcle when you Go Orange. This ad-free experience offers more features, more stats, and more fun while also helping to support Sporcle. Thank you for becoming a member.

Show Comments

Extras

Top Quizzes Today


Score Distribution

Your Account Isn't Verified!

In order to create a playlist on Sporcle, you need to verify the email address you used during registration. Go to your Sporcle Settings to finish the process.

Report this User

Report this user for behavior that violates our Community Guidelines.

Details: